Telecomunicaciones para el desarrollo: ¿instrumentos de liberación o armas de dominación?
Salvato in:
| Autore principale: | |
|---|---|
| Ente Autore: | |
| Natura: | testo |
| Pubblicazione: |
San José:
MIC
|
| Tags: |
Aggiungi Tag
Nessun Tag, puoi essere il primo ad aggiungerne!!
|
MARC
| LEADER | 00000 a a2200000 04500 | ||
|---|---|---|---|
| 001 | 21701 | ||
| 003 | |||
| 040 | |||
| 090 | |a 096900 | ||
| 100 | |a Vargas Araya, Armando | ||
| 110 | |a Costa Rica. Ministero de Información y Comunicación | ||
| 245 | |a Telecomunicaciones para el desarrollo: ¿instrumentos de liberación o armas de dominación? | ||
| 260 | |a San José: |b MIC | ||
| 300 | |a 11 p. | ||
| 999 | |c 5784 |d 5784 | ||
